header

Ancient Greek agriculture (Record no. 16351)

MARC details
000 -LEADER
fixed length control field 01185nam a2200301Ia 4500
100 1# - MAIN ENTRY--AUTHOR NAME
Personal name Isager, Signe.
245 10 - TITLE STATEMENT
Title Ancient Greek agriculture
250 ## - EDITION STATEMENT
Edition statement 1st paperback ed.
260 ## - PUBLICATION, DISTRIBUTION, ETC. (IMPRINT)
Place of publication London ;
-- New York :
Name of publisher Routledge,
Year of publication c1995.
300 ## - PHYSICAL DESCRIPTION
Number of Pages x, 234 p. :
Other physical details ill.
650 #0 - SUBJECT ADDED ENTRY--TOPICAL TERM
Topical Term Agriculture
700 1# - ADDED ENTRY--PERSONAL NAME
Personal name Skydsgaard, Jens Erik.
856 40 - ELECTRONIC LOCATION AND ACCESS
Uniform Resource Identifier http://site.ebrary.com/lib/rucke/Doc?id=5002092

No items available.

© 2026 Rongo University
Contact us: librarian | system librarian | Rongo university